000 00789nas a2200241 4500
001 BR0000559
003 BR-BrBNA
005 20231205101648.0
007 ta
008 230509b bl.|||p| |||| 00| 00por d
040 _aBR-BrBNA
_bpor
_cBiblioteca Nacional de Agricultura
041 _a(Pt)
072 _aF30
100 1 _aSiqueira, W.J.
100 1 _aColombo, C.
245 1 _aNem magico nem monstro; os transgenicos representam um conceito em que cabem vantagens, desvantagens e muita duvidas ainda por esclarecer
650 _aPlanta Transgenica
650 _aMelhoramento Genetico Vegetal
650 _aEngenharia Genetica
773 0 _tAgroanalysis (Brazil)
_x
_g(Aug 1999), v. 19(8) p. 38-40
_wBR0000559
909 _a202311
_bLúcia
_c55
_dLúcia Elande
942 _2AGRIS
_n0
_cANA
999 _c163110
_d163110